000 01276nam a2200361 i 4500
001 8379
003 KOSZ 005
005 20210310142140.0
008 070827s1969 pl a f 000 0 pol
015 _aPB 1969/8523
040 _aWA N
_cKOSZ 005/RW
_dKOSZ 005/RW
041 1 _apol
_hrus
080 _a621.317
100 1 _aHlistunov, Viktor Nikolaevič
_eAutor
245 1 0 _aCyfrowe przyrządy pomiarowe /
_cW. N. Chlistunow ; tł. Andrzej Libura, Jan Kaźmierski.
246 1 _iTyt. oryg.:
_aCifrovye èlektroizmeritel'nye pribory.
260 _aWarszawa :
_bWydawnictwa Naukowo-Techniczne,
_c1969.
300 _a143, [1] s. :
_bil. ;
_c23 cm.
380 _aKsiążki
388 _a1901-2000
388 _a1945-1989
504 _aBibliogr. s. 142-[144].
650 4 _aUkład cyfrowy
650 4 _aZastosowanie i wykorzystanie
650 4 _aElektrotechnika
650 4 _aPrzyrządy pomiarowe
658 _aInżynieria i technika
700 1 _aLibura, Andrzej.
_eTłumaczenie
700 1 _aKaźmierski, Jan
_eTłumaczenie
710 2 _aWydawnictwa Naukowo-Techniczne
_4pbl.
856 _uhttp://koha.tu.koszalin.pl/cgi-bin/koha/opac-detail.pl?biblionumber=8379
_yKatalog online BPK
942 _2UKD
_cKS
999 _c8379
_d8379